Ady Endre novellái

Elmentve itt :
Bibliográfiai részletek
Szerző: Nagy Károlyné Gerencsér Klára
További közreműködők: Krajkó András (Témavezető)
Nacsády József (Témavezető)
Dokumentumtípus: Disszertáció
Megjelent: 1977
Kulcsszavak:Ady Endre, Magyar irodalom
Tárgyszavak:
Online Access:http://doktori.ek.szte.hu/7888
LEADER 00887nta a2200229 i 4500
001 dokt7888
005 20221019104519.0
008 220401s1977 hu om 0|| hun d
040 |a SZTE Doktori Repozitórium  |b hun 
041 |a hun 
100 2 |a Nagy Károlyné Gerencsér Klára 
245 1 0 |a Ady Endre novellái  |h [elektronikus dokumentum] /  |c  Nagy Károlyné Gerencsér Klára 
260 |c 1977 
502 |a Disszertacio 
650 4 |a irodalom- és kultúra tudományok 
650 4 |a Bölcsészettudományok 
650 4 |a Nyelvek és irodalom 
695 |a Ady Endre, Magyar irodalom 
700 0 1 |a Krajkó András  |e ths 
700 0 1 |a Nacsády József  |e ths 
856 4 0 |u https://doktori.bibl.u-szeged.hu/id/eprint/7888/7/1976_nagy_karolyne_gerencser_klara.pdf  |z Dokumentum-elérés  
856 4 0 |u https://doktori.bibl.u-szeged.hu/id/eprint/7888/1/gelencser_klara_biralat.pdf  |z Dokumentum-elérés